सागरा प्राण तऴमऴला (Record no. 86080)

MARC details
000 -LEADER
fixed length control field 00651nam a2200181Ia 4500
008 - FIXED-LENGTH DATA ELEMENTS--GENERAL INFORMATION
fixed length control field 090124s9999 xx 000 0 und d
082 ## - DEWEY DECIMAL CLASSIFICATION NUMBER
Item number 9682
100 ## - MAIN ENTRY--PERSONAL NAME
Personal name कालेलकर मधुसूदन
245 ## - TITLE STATEMENT
Title सागरा प्राण तऴमऴला
250 ## - EDITION STATEMENT
Edition statement 1
260 ## - PUBLICATION, DISTRIBUTION, ETC. (IMPRINT)
Name of publisher, distributor, etc मॅजेस्टिक बुक स्टॅाल
Date of publication, distribution, etc 1978
300 ## - PHYSICAL DESCRIPTION
Extent 73
600 ## - SUBJECT ADDED ENTRY--PERSONAL NAME
Personal name कालेलकर मधुसूदन
630 ## - SUBJECT ADDED ENTRY--UNIFORM TITLE
Uniform title सागरा प्राण तऴमऴला
700 ## - ADDED ENTRY--PERSONAL NAME
Personal name कालेलकर मधुसूदन
730 ## - ADDED ENTRY--UNIFORM TITLE
Uniform title सागरा प्राण तऴमऴला
942 ## - ADDED ENTRY ELEMENTS (KOHA)
Koha item type Book
Holdings
Withdrawn status Lost status Damaged status Not for loan Home library Current library Date acquired Cost, normal purchase price Total Checkouts Full call number Barcode Date last seen Cost, replacement price Price effective from Koha item type
        Nagar Wachan Mandir, Thane Nagar Wachan Mandir, Thane   7.00   9682 THNNWM-9682 01/24/2009 7.00 01/24/2009 Book